00282nam a2200097Ia 4500008004100000082001800041100002100059245006600080260002900146300000900175210430s9999 xx 000 0 und d a070.01 N334 T aAhsan Akhtar Naz aTaraqi Pasand Tehreek o Sahafat: Makalmat /cAhsan Akhtar Naz aLAHORbNADEM YUNASc2008 a256P